The administration of the aboroginal tribes of western malaysia (Record no. 100768)

MARC details
000 -LEADER
fixed length control field 00554nam a2200205 i 4500
001 - CONTROL NUMBER
control field C2-0296306
003 - CONTROL NUMBER IDENTIFIER
control field PPAK
005 - DATE AND TIME OF LATEST TRANSACTION
control field 20180728074653.0
008 - FIXED-LENGTH DATA ELEMENTS--GENERAL INFORMATION
fixed length control field 090416s xx |||| ||||| | eng d
040 ## - CATALOGING SOURCE
Original cataloging agency PPAK
Language of cataloging eng
Transcribing agency PPAK
Description conventions rda
082 04 - DEWEY DECIMAL CLASSIFICATION NUMBER
Classification number 307
Edition number 23
090 00 - LOCALLY ASSIGNED LC-TYPE CALL NUMBER (OCLC); LOCAL CALL NUMBER (RLIN)
Classification number (OCLC) (R) ; Classification number, CALL (RLIN) (NR) 307
Feature heading CAR
Feature heading KIH
100 1# - MAIN ENTRY--PERSONAL NAME
Personal name Carey, iskandar,
Relator term author
245 14 - TITLE STATEMENT
Title The administration of the aboroginal tribes of western malaysia
300 ## - PHYSICAL DESCRIPTION
Extent 69 pages ;
Dimensions 23 cm
336 ## - CONTENT TYPE
Source rdacontent
Content type term text
337 ## - MEDIA TYPE
Source rdamedia
Media type term unmediated
338 ## - CARRIER TYPE
Source rdacarrier
Carrier type term volume
942 ## - ADDED ENTRY ELEMENTS (KOHA)
-- dc
Koha item type Book
Holdings
Withdrawn Not for loan Current library Shelving location Date acquired Full call number Barcode Date last seen Koha item type
  Not For Loan Perpustakaan Alor Setar Koleksi Ismail Hussein 16/04/2009 KIH 307 CAR A00171472 09/05/2018 Book